7 Poeti Del Premio Montale Poesie

Salvato in:
Dettagli Bibliografici
Natura: Libro
Lingua:lingua imprecisata
Pubblicazione: All'insegna Del Pesce D'oro
Tags: Aggiungi Tag
Nessun Tag, puoi essere il primo ad aggiungerne!!

MARC

LEADER 00000nam a2200000Ia 4500
001 R-160
003 CODICE-MESSINA
005 20260212102447.0
008 260211s9999 xx 000 0 und d
040 |c importazione_messina 
245 0 |a 7 Poeti Del Premio Montale 
245 0 |b Poesie 
260 |b All'insegna Del Pesce D'oro 
942 |2 ddc  |c BK 
952 |0 0  |1 0  |2 ddc  |4 0  |6 SCAFFALE_2_000000000000000__ARTE  |7 0  |9 30981  |a ME  |b ME  |d 2026-02-11  |l 0  |o SCAFFALE 2 - ARTE  |p R-160  |r 2026-02-11 23:52:15  |w 2026-02-11  |x [REVISIONARE]  |y BK 
999 |c 26643  |d 26643